000 00423nam a2200181Ia 4500
001 23835
005 20260414151004.0
008 260414t2008||||xx |||||||||||||| ||spa||
041 _aESP
082 _a720.071
_bC24
100 _aCampo Baeza, Alberto,
_eAUT
245 0 _aAprendiendo a pensar
_b
260 _c2008
300 _a132 páginas :
_c20 cm.
650 _aABD
654 _aCAU
942 _cLIB
_dJUS
_fJUS
_2ddc
_n
999 _c23835
_d23835